| 000 | 01273pam a2200337 a 4500 | ||
|---|---|---|---|
| 001 | 4396809 | ||
| 003 | OSt | ||
| 005 | 20211221154825.0 | ||
| 008 | 920814s1993 nyua b 001 0 eng | ||
| 010 | _a 92032673 | ||
| 020 | _a9780471551928 | ||
| 038 | _aKhadija | ||
| 040 |
_aDLC _cDLC _dDLC |
||
| 050 | 0 | 0 |
_aTA165 _b.D34 1993 |
| 082 | 0 | 0 |
_a681.2 _220 _bDAL |
| 100 | 1 |
_aDally, James W. _986898 |
|
| 245 | 1 | 0 |
_aInstrumentation For Engineering Measurements / _cJames W. Dally, William F. Riley, Kenneth G. McConnell. |
| 250 | _a2nd ed. | ||
| 260 |
_aNew York : _bWiley, _cc1993. |
||
| 300 |
_axxi, 584 p. : _bill. ; _c26 cm. |
||
| 504 | _aIncludes bibliographical references and indexes. | ||
| 563 | _aHB | ||
| 650 | 0 |
_aEngineering instruments. _986899 |
|
| 700 | 1 |
_aRiley, William F. _q(William Franklin), _d1925- _986900 |
|
| 700 | 1 |
_aMcConnell, Kenneth G. _986901 |
|
| 856 | 4 | 2 |
_3Publisher description _uhttp://www.loc.gov/catdir/description/wiley033/92032673.html |
| 856 | 4 |
_3Table of Contents _uhttp://www.loc.gov/catdir/toc/onix04/92032673.html |
|
| 906 |
_a7 _bcbc _corignew _d1 _eocip _f19 _gy-gencatlg |
||
| 942 |
_2ddc _cBK |
||
| 999 |
_c32349 _d32349 |
||